Statystyki dla 10 najczęściej streamowanych w Polsce artystów na Spotify

Kliknij tutaj aby rozwiązać quiz!

Ogólne statystyki

  • Ten quiz został rozwiązany 49 razy
  • Średni wynik to 5 z 10

Statystyki odpowiedzi

L.p.Wykonawca% Poprawnych
2.Mata
81%
7.Sanah
81%
1.Taco Hemingway
60%
5.Quebonafide
58%
3.White 2115
58%
9.Malik Montana
47%
10.Żabson
42%
4.Bedoes 2115
37%
8.Young Igi
28%
6.Lanek
5%

Rozkład punktacji

Percentyl według liczby udzielonych odpowiedzi

Procent ludzi z każdym wynikiem

Twoja historia wyników

Nie rozwiązałeś tego quizu